| 000 | 01421nam a2200229Ia 4500 | ||
|---|---|---|---|
| 999 |
_c24049 _d24049 |
||
| 003 | OSt | ||
| 005 | 20210122162914.0 | ||
| 008 | 160316s2006 xxu||||| |||| 00| 0 eng d | ||
| 020 | _a9780421930803 | ||
| 040 | _cnls | ||
| 082 |
_a346.06626 _bLIN |
||
| 100 | _aLindsay Alistair | ||
| 245 | _aThe EC merger regulation : Substative issues | ||
| 250 | _a2nd | ||
| 260 |
_aLondon _bSweet & Maxwell _c2006 |
||
| 300 |
_a667p _clxi |
||
| 365 | _bRs. 13,695 | ||
| 505 | _aTable of contents; Table of Legislation; Table of Cases; 1. The Economic Justification for Merger Control; 2. The SIEC Test and Other Legal and Methodological Issues; 3. Market Definition; 4. Market Share and Market Concentration Levels; 5. The Counterfactual; 6. Market Operation; 7. Horizontal Mergers - Non-coordinated Effects; 8. Coordinated Effects; 9. Loss of Potential Competition and Mergers in Neighbouring Markets; 10. The Merged Group's Buyer Power; 11. Vertical Issues; 12. Conglomerate Issues; 13. Coordination in Joint Ventures; 14. Competition from Actual Rivals; 15. Countervailing Buyer Power; 16. New Entry; 17. The Failing Firm Defence; 18. Efficiency Gains; 19. Other Evidence of the Likely Effects of the Merger; 20. Remedies; Index. | ||
| 650 | _a1. Consolidation & Merger of Corporations - Law & Legislation 2. Merger Control - European Union Countries | ||
| 700 |
_a _a |
||
| 942 |
_2ddc _cBK |
||